Manuel d'initiation sociale (Record no. 49242)
[ view plain ]
| 000 -LEADER | |
|---|---|
| fixed length control field | 00603cam a22002051 4500 |
| 001 - CONTROL NUMBER | |
| control field | ne 66001990 |
| 003 - CONTROL NUMBER IDENTIFIER | |
| control field | DLC |
| 005 - DATE AND TIME OF LATEST TRANSACTION | |
| control field | 20260227111827.0 |
| 008 - FIXED-LENGTH DATA ELEMENTS--GENERAL INFORMATION | |
| fixed length control field | 831117s1965 le b 000 0 fre |
| 010 ## - LIBRARY OF CONGRESS CONTROL NUMBER | |
| LC control number | ne 66001990 |
| 035 ## - SYSTEM CONTROL NUMBER | |
| System control number | (OCoLC)16762426 |
| 040 ## - CATALOGING SOURCE | |
| Original cataloging agency | DLC |
| Transcribing agency | OrPS |
| Modifying agency | DLC |
| 050 00 - LIBRARY OF CONGRESS CALL NUMBER | |
| Classification number | BT738 |
| Item number | .L4 1965 |
| 100 1# - MAIN ENTRY--PERSONAL NAME | |
| Personal name | Le Génissel, André. |
| 245 10 - TITLE STATEMENT | |
| Title | Manuel d'initiation sociale |
| Statement of responsibility, etc. | [par] A.Le Genissel. |
| 260 ## - PUBLICATION, DISTRIBUTION, ETC. | |
| Place of publication, distribution, etc. | [Beyrouth] |
| Name of publisher, distributor, etc. | Éditions de l'Impr. catholique |
| Date of publication, distribution, etc. | [1965] |
| 300 ## - PHYSICAL DESCRIPTION | |
| Extent | 188 p. |
| Dimensions | 19 cm. |
| 504 ## - BIBLIOGRAPHY, ETC. NOTE | |
| Bibliography, etc. note | Bibliography: p. [187]-188. |
| 650 #0 - SUBJECT ADDED ENTRY--TOPICAL TERM | |
| Topical term or geographic name entry element | Christian sociology |
| General subdivision | Catholic Church. |
No items available.